| 000 | 02523nam a22003257a 4500 | ||
|---|---|---|---|
| 008 | 090225t xxu||||| |||| 00| 1 eng d | ||
| 010 | _aB-346789-797 | ||
| 020 |
_a9780007285754 _c395.00 |
||
| 035 | _aB-346789-797 | ||
| 037 | _bAakar Books | ||
| 040 |
_adpl _bEnglish |
||
| 082 | _aN | ||
| 100 | _aForeman, Amanda | ||
| 245 |
_aThe duchess: _cby Amanda Foreman _bGeorgiana: duchess of devonshire / |
||
| 260 |
_aLondon _bHarper Perennial _c2008 |
||
| 270 |
_a77-85, Fulham Palace Road, Hammersmith _bLondon _eW6 8JB |
||
| 300 |
_axvi, 463p. _c20cm (pbk) |
||
| 500 | _aIncludes bibliographical references and index | ||
| 942 |
_2ddc _cEN _mFOR _hN |
||
| 999 |
_c24379 _d24379 |
||